000 00392nam a2200145Ia 4500
008 220217s9999||||xx |||||||||||||| ||und||
020 _a81-7808-282-9
082 _a005.43 WIN
100 _aWinsor, Janice
_91235
245 0 _aSolaris: system adminisrrator`s guide
250 _a3rd
260 _aPearson education asia
_bDelhi
_c2002
300 _b180
650 _aOperating systems
999 _c170170
_d170170